| 000 | 00594nam a2200217Ia 4500 | ||
|---|---|---|---|
| 008 | 160517s9999 xx 000 0 und d | ||
| 050 | _aQA 76.5 | ||
| 050 | _b.P125 2016 | ||
| 100 | _aPadua, Sheinny Rose D. | ||
| 245 | _aInventory system for palms fashion house / | ||
| 245 | _cSheinny Rose D. Padua. | ||
| 260 | _aLas PiƱas, Philippines : | ||
| 260 | _bSISC, | ||
| 260 | _c2016. | ||
| 300 | _a101 pages : | ||
| 300 | _billustrations ; | ||
| 300 | _c28 cm. | ||
| 500 | _aIncludes bibliographical references and appendices. | ||
| 521 | _aInformation Technology | ||
| 942 | _cTH | ||
| 999 |
_c293927 _d293927 |
||